| 000 | 01160nam a2200277 i 4500 | ||
|---|---|---|---|
| 001 | 177872 | ||
| 003 | ES-MaACL | ||
| 005 | 20250823085853.0 | ||
| 008 | 110503s2008 pr aco |||| |dspa d | ||
| 080 | _a860Ayala, Francisco1.06:082 | ||
| 245 | 0 | 0 |
_aHomenaje a Francisco Ayala / _cnúmero coordinado por Iris M. Zavala. |
| 260 |
_aSan Juan de Puerto Rico : _bUniversidad de Puerto Rico, _c2008. |
||
| 300 |
_aXVII, 380 p. : _bil., fot. ; _c23 cm. |
||
| 490 | 1 |
_aLa Torre : Revista de la Universidad de Puerto Rico ; _vXIII, n. 48, abril-jun. 2008 |
|
| 504 | _aReferencias bibliográficas. | ||
| 600 | 1 | 4 |
_aAyala, Francisco, _d1906-2009- _vHomenajes _924114 |
| 600 | 1 | 4 |
_aAyala, Francisco, _d1906-2009- _xCrítica e interpretación _924112 |
| 700 | 1 |
_aAyala, Francisco, _d1906-2009 _924111 |
|
| 700 | 1 |
_aZavala, Iris M. _9118105 |
|
| 710 | 2 |
_aUniversidad de Puerto Rico _97273 |
|
| 830 | 0 |
_aLa Torre : Revista de la Universidad de Puerto Rico ; _vXIII, n. 48, abril-jun. 2008 _9224222 |
|
| 852 |
_aES-MaACL _9R.145391 _jA-11134 _dOlim:N-4139 _cDEPO1 |
||
| 942 |
_2udc _cMONOGRAFIA |
||
| 999 |
_c177872 _d177872 |
||